Comuni del Trentino-Alto Adige - Statistics

Statistiche generali
  • Questo quiz è stato fatto 30 volte
  • Il punteggio medio è 64 su 282
Statistiche sulle risposte
Provincia autonoma Comune % Corretto
Trento
100%
Bolzano
79%
Bressanone
64%
Merano
64%
Arco
57%
Canazei
57%
Cavalese
57%
Cles
57%
Folgaria
57%
Trento Lavis
57%
Malè
57%
Mezzocorona
57%
Pergine Valsugana
57%
Predazzo
57%
Rovereto
57%
Trento Ala
50%
Borgo Valsugana
50%
Commezzadura
50%
Levico Terme
50%
Mezzolombardo
50%
Moena
50%
Mori
50%
San Candido
50%
San Michele all'Adige
50%
Vipiteno
50%
Andalo
43%
Brunico
43%
Caldonazzo
43%
Castello Tesino
43%
Dimaro Folgarida
43%
Dobbiaco
43%
Fai della Paganella
43%
Molveno
43%
Peio
43%
Rabbi
43%
Riva del Garda
43%
Sesto
43%
Tesero
43%
Ton
43%
Vermiglio
43%
Avio
36%
Baselga di Piné
36%
Campitello di Fassa
36%
Giovo
36%
Ospedaletto
36%
Panchià
36%
Pellizzano
36%
Primiero San Martino di Castrozza
36%
Spormaggiore
36%
Sporminore
36%
Tione di Trento
36%
Ziano di Fiemme
36%
Albiano
29%
Aldeno
29%
Bieno
29%
Bondone
29%
Brennero
29%
Caldes
29%
Campodenno
29%
Castello-Molina di Fiemme
29%
Castelrotto
29%
Chiusa
29%
Cis
29%
Civezzano
29%
Grigno
29%
Imer
29%
Lana
29%
Lavarone
29%
Ledro
29%
Mazzin
29%
Mezzana
29%
Ora
29%
Ortisei
29%
Ossana
29%
Pieve Tesino
29%
Predaia
29%
Roverè della Luna
29%
Sagron Mis
29%
San Giovanni di Fassa
29%
Scurelle
29%
Selva di Val Gardena
29%
Telve
29%
Termeno sulla Strada del Vino
29%
Terzolas
29%
Ville d'Anaunia
29%
Bolzano Aldino
21%
Altopiano della Vigolana
21%
Amblar-Don
21%
Anterivo
21%
Appiano sulla Strada del Vino
21%
Avelengo
21%
Badia
21%
Barbiano
21%
Bedollo
21%
Besenello
21%
Bleggio Superiore
21%
Borgo Chiese
21%
Borgo d'Anaunia
21%
Braies
21%
Bresimo
21%
Caderzone Terme
21%
Calceranica al Lago
21%
Campo Tures
21%
Canal San Bovo
21%
Castel Ivano
21%
Cavizzana
21%
Corvara in Badia
21%
Croviana
21%
Curon Venosta
21%
Egna
21%
Falzes
21%
Fiavè
21%
Fiè allo Sciliar
21%
Fornace
21%
Fortezza
21%
Gais
21%
Isera
21%
Lagundo
21%
Laives
21%
Livo
21%
Lona-Lases
21%
Luserna
21%
Malles Venosta
21%
Marebbe
21%
Mezzano
21%
Moso in Passiria
21%
Nomi
21%
Novaledo
21%
Nova Levante
21%
Nova Ponente
21%
Pelugo
21%
Prato allo Stelvio
21%
Predoi
21%
Rio di Pusteria
21%
Romeno
21%
Ronzone
21%
San Martino in Badia
21%
San Martino in Passiria
21%
Sant'Orsola Terme
21%
Sanzeno
21%
Sarnonico
21%
Segonzano
21%
Sella Giudicarie
21%
Sfruz
21%
Silandro
21%
Sover
21%
Spiazzo
21%
Storo
21%
Tenna
21%
Terragnolo
21%
Terre d'Adige
21%
Valdaora
21%
Valle Aurina
21%
Vignola-Falesina
21%
Villabassa
21%
Volano
21%
Altavalle
14%
Borgo Lares
14%
Brentonico
14%
Bronzolo
14%
Caldaro sulla Strada del Vino
14%
Calliano
14%
Campo di Trens
14%
Capriana
14%
Carisolo
14%
Carzano
14%
Castelbello-Ciardes
14%
Castel Condino
14%
Castelnuovo
14%
Cavareno
14%
Cavedago
14%
Cembra Lisignago
14%
Chienes
14%
Cimone
14%
Comano Terme
14%
Contà
14%
Cornedo all'Isarco
14%
Cortaccia sulla Strada del Vino
14%
Cortina sulla Strada del Vino
14%
Dambel
14%
Denno
14%
Drena
14%
Dro
14%
Fierozzo
14%
Frassilongo
14%
Funes
14%
Garniga Terme
14%
Giustino
14%
Laces
14%
Laion
14%
Lauregno
14%
Luson
14%
Madruzzo
14%
Magrè sulla Strada del Vino
14%
Martello
14%
Nago-Torbole
14%
Naz-Sciaves
14%
Nogaredo
14%
Palù del Fersina
14%
Parcines
14%
Perca
14%
Pieve di Bono-Prezzo
14%
Pomarolo
14%
Ponte Gardena
14%
Porte di Rendena
14%
Racines
14%
Rasun-Anterselva
14%
Renon
14%
Rifiano
14%
Roncegno Terme
14%
Ronchi Valsugana
14%
Ronzo-Chienis
14%
Ruffré-Mendola
14%
Rumo
14%
Samone
14%
San Genesio Atesino
14%
San Leonardo in Passiria
14%
San Lorenzo Dorsino
14%
San Pancrazio
14%
Santa Cristina Valgardena
14%
Sarentino
14%
Scena
14%
Selva dei Molini
14%
Senales
14%
Senale-San Felice
14%
Sluderno
14%
Soraga di Fassa
14%
Bolzano Stelvio
14%
Stenico
14%
Strembo
14%
Telve di Sopra
14%
Tenno
14%
Terlano
14%
Tires
14%
Tirolo
14%
Torcegno
14%
Trambileno
14%
Tre Ville
14%
Ultimo
14%
Valdaone
14%
Val di Vizze
14%
Valfloriana
14%
Vallarsa
14%
Valle di Casies
14%
Vallelaghi
14%
Vandoies
14%
Varna
14%
Velturno
14%
Villa Lagarina
14%
Ville di Fiemme
14%
Andriano
7%
Bocenego
7%
Cavadine
7%
Conte Tesino
7%
Gargazzone
7%
Glorenza
7%
Massimeno
7%
Meltina
7%
Nalles
7%
Novella
7%
Pienzolo
7%
Plaus
7%
Postal
7%
Rodengo
7%
Salorno sulla Strada del Vino
7%
Terento
7%
Tubre
7%
Villandro
7%
Caines
0%
Cermes
0%
Lasa
0%
La Valle
0%
Marlengo
0%
Monguelfo-Tesido
0%
Montagna
0%
Natunro
0%
Proves
0%
San Lorenzo in Sebato
0%
Tesimo
0%
Trodena nel parco naturale
0%
Vadena
0%
Verano
0%
Nessun quiz corrispondente trovato
Distribuzione punteggi
Percentuale di utenti per punteggio
Percentile per numero di risposta
I tuoi punteggi nel tempo
Non hai fatto questo quiz